1166 1870 1618 1112 1844 1533 1067 1892 1645 1262 1788 1027 1286 1199 1342 1100 1856 1916 1519 1551 1482 1678 1376 1704 1205 1818 1120 1788 1297 1104 1593 1148 1173 1924 1091 1055 1557 1122 1302 1955 1793 1501 1617 1320 1274 1554 1629 1316 1766 1495 1713 1430 1283 1204 1380 1093 1930 1086 1882 1460 1831 1023 1717 1260 1579 1339 1305 1563 1322 1175 1925 1876 1863 1401 1367 1901 1876 1656 1263 1073 1673 1134 1181 1567 1463 1207 1010 1242 1043 1618 1504 1608 1443 1972 1181 1549 1457 1832 1379 BCNSPRNW ULIB Ver.6.0+V

เปลี่ยนเป็นภาษาไทย

Change to English
 แสดงรายละเอียดบรรณานุกรม
  กลับหน้าหลัก

Brief Record : Get Marc (ISO 2709) : E-mail record : QR code < ปิดหน้าต่าง
LEADER : 00000nam 2200000uu 4500
001    13399114586
003     ULIB
008    120418s2550||||th 000 0 tha d
020    ^a974944194x
090    ^aนว.^bก699ผ 2550
100 0  ^aกุ้งเต้น
245 00 ^aแผนรักดักหัวใจนายคิวปิด/^cกุ้งเต้น
250    ^aพิมพ์ครั้งที่ 1
260    ^aกรุงเทพฯ :^blove berry book,^c2550
300    ^a170 หน้า
710 1  ^alove berry book
945    ^p148^l0^i14465
995    ^aกัณชพร
999    ^aใช้งานได้ทุกระบบ
รายการนี้ยังไม่มีแท็ก
คุณยังไม่ได้ล็อกอิน คุณสามารถมีกิจกรรมร่วมกับเว็บไซต์ได้ แต่ต้องล็อกอินก่อน ::
  ล็อกอิน

รายการสื่อสารสนเทศ

ลำดับที่ ประเภท เลขเรียก/บาร์โค้ด สถานที่ สถานะ
1. วิทยาศาสตร์การแพทย์ และสุขภาพ
วิทยาศาสตร์การแพทย์ และสุขภาพ
นว. ก699ผ 2550  
  Barcode: 14465
ห้องสมุดวิทยาเขตสวรรค์ประชารักษ์
►นวนิยาย
บนชั้น
  ขอยืม

BibComment


ยังไม่เคยถูกคอมเมนท์

คอมเมนท์ทรัพยากรรายการนี้
  คอมเมนท์: แผนรักดักหัวใจนา..


 Copyright 2026. Bcnsprnw @Library